Derecho y Tecnologa̕s de la Informacin̤ y la Comunicacin̤

Detalles Bibliográficos
Autor principal: Vz̀quez Azuara, Carlos Antonio
Formato: eBook
Lenguaje:español
Publicado: Veracruz: Universidad de Xalapa, 2015
Materias:
Acceso en línea:Acceso restringido

MARC

LEADER 00000nam a22000007a 4500
005 2018032707537.0
007 cr|||| ||||
008 180327s2015 mx |||||s|||| 00||0 spa d
020 |a 978-607-8156-36-8 
035 |a 21158 
040 |a vLex 
090 |c 7556  |d 7556 
100 1 |a Vz̀quez Azuara, Carlos Antonio 
245 1 0 |a Derecho y Tecnologa̕s de la Informacin̤ y la Comunicacin̤  |h [Recurso electrn̤ico] /  |c Carlos Antonio Vz̀quez Azuara 
256 |a Servicio en ln̕ea 
260 |a Veracruz:  |b Universidad de Xalapa,  |c 2015 
300 |a 1 recurso electrn̤ico (136 p.) 
506 1 |a Disponible solo en los productos indicados  |d vLex Global  |d vLex Global (Academic Edition, excluding Law Schools)  |d vLex Global (U.S. Academic Edition, Law Schools)  |d vLex Global (U.S. Academic Edition, excluding Law Schools)  |d vLex Global (Academic Edition, Law Schools) 
650 0 4 |a Derecho de las Nuevas Tecnologa̕s  |z Mx̌ico 
740 0 |a vLex Libros (Servicio en ln̕ea) 
856 4 0 |u http://vlex.com/source/derecho-tecnologias-informacion-comunicacion-21158  |z Acceso restringido 
942 |c BOOK 
999 0 |a Right of New Technologies